Encyclopedia of medicinal plants

Bibliographic Details
Main Author: Probir Kanti Biswas
Format: Book
Published: New Delhi : Dominant Publishers and Distributors , 2006
Subjects:

MARC

LEADER 00000cam a2200000 7i4500
001 0000003613
005 20080114.0
020 0 0 |a 8178883880 
090 0 0 |a R 615.3203   |c PKB 
100 1 0 |a Probir Kanti Biswas 
245 0 0 |a Encyclopedia of medicinal plants   |c Probir Kanti Biswas 
260 0 0 |a New Delhi :   |b Dominant Publishers and Distributors ,   |c 2006 
300 |a 4 v. :   |b ill. ;   |c 22cm. 
504 0 0 |a Includes bibliographical references and index. 
650 0 0 |a Materia medica, Vegetable   |x Encyclopedias 
650 0 0 |a Medicinal plants   |x Encyclopedias 
999 |a 0000007218   |b Monograph   |c Reference   |e Default branch 
999 |a 0000007219   |b Monograph   |c Reference   |e Default branch 
999 |a 0000007220   |b Monograph   |c Reference   |e Default branch 
999 |a 0000007221   |b Monograph   |c Reference   |e Default branch 
999 |a 0000072221   |b Monograph   |c Reference   |e Default branch